000 00942nam a2200229 i 4500
001 184196
003 ES-MaACL
005 20251015164743.0
008 150424s1970 sp ao d |||| |dspa d
080 _a929:75(100)(38)
245 0 0 _aDiccionario universal del arte y de los artistas.
_pPintores /
_c[publicado bajo la dirección de Robert Maillard ; traducción y adaptación de Juan-Eduardo Cirlot].
246 3 5 _aDiccionario universal de pintores
260 _aBarcelona :
_bGustavo Gili,
_c[1970]
300 _a3 v. :
_bil. col. y n. ;
_c25 cm.
505 8 _aContiene: I ;
_tAachen-Gysbrechts - II ;
_tHaecht-Ozenfant - III ;
_tPaalen-Zurbarán
650 4 _aPintores-
_xBiografías-
_vDiccionarios.
_9156792
650 4 _aPintura-
_vDiccionarios.
_9156793
700 1 _aMaillard, Robert.
_975579
700 1 _aCirlot, Juan-Eduardo,
_d1916-1973
_938898
852 _aES-MaACL
_jE-15576-78
_z. - enc. cart.
999 _c184196
_d184196